Sanat - "Vihreä valo" - Statistics

Yleistilastot
  • Tätä visaa on pelattu 2 kertaa
  • Keskiarvotulos 26 / 60
Vastaustilastot
Vastaus % Oikein
keltainen
100%
keltainen
100%
On
100%
on
100%
On
100%
on
100%
On
100%
On
100%
on
100%
punainen
100%
punainen
100%
valo
100%
valo
100%
valo
100%
valo
100%
valo
100%
valo
100%
valo
100%
vihreä
100%
vihreä
100%
vihreä
100%
vihreä
100%
en
50%
en
50%
en
50%
en
50%
nyt
50%
nyt
50%
suojatietä
50%
ensin
0%
hetkinen
0%
ja
0%
ja
0%
ja
0%
katselen
0%
katso
0%
katu
0%
katu
0%
kulkea
0%
kulkea
0%
lähde
0%
lähde
0%
laulella
0%
laulella
0%
odota
0%
odotan
0%
oikeaan
0%
silloin
0%
silloin
0%
sitten
0%
suojatitetä
0%
vaan
0%
vaihtuuko
0%
vaikka
0%
vaikka
0%
vasempaan
0%
voit
0%
voit
0%
ylitä
0%
ylitä
0%
Ehtoja vastaavia visoja ei löytynyt
Tulosjakauma
Jokaisen tuloksen saaneiden osuus
Persentiili vastausten määrän mukaan
Tuloshistoriasi
Et ole pelannut tätä visaa